000
00302nam a2200133Ia 4500
008
221030s9999 xx 000 0 und d
041
_a
English
082
_a
105.23
100
_a
A Shanmugam
245
0
_a
Computer Communication Network
_c
by A Shanmugam
260
_c
0
650
_a
Mc
942
_c
BK
999
_c
11779
_d
11779